Statystyki dla Ludzie quiz #9 - Piosenkarze i piosenkarki

Kliknij tutaj aby rozwiązać quiz!

Ogólne statystyki

  • Ten quiz został rozwiązany 44 razy
  • Średni wynik to 10 z 16

Statystyki odpowiedzi

Odpowiedź% Poprawnych
Roksana Węgiel
95%
Mata
88%
Michael Jackson
88%
Beata Kozidrak
83%
Ralph Kaminski
83%
Zbigniew Wodecki
80%
Sylwia Grzeszczak
71%
Taylor Swift
68%
Álvaro Soler
59%
Paweł Domagała
59%
Anna Wyszkoni
54%
Czesław Mozil
51%
Marcin Miller
49%
Białas
44%
Natalia Szroeder
37%
Artur Rojek
15%

Rozkład punktacji

Percentyl według liczby udzielonych odpowiedzi

Procent ludzi z każdym wynikiem

Twoja historia wyników

Nie rozwiązałeś tego quizu